Tvorivé a etické hodnoty v hodnotovom systéme stredoškolákov = Creative and moral values in the value system for secondary students : Diplomová práca

Saved in:
Bibliographic Details
Main Author: Kováčová, Erika (Author)
Other Authors: Hlavatý, Rastislav, 1972- (xxx)
Format: Manuscript Book
Language:Slovak
Published: Trnava : STU v Bratislave MTF UIPH, 2009
Subjects:
Tags: Add Tag
No Tags, Be the first to tag this record!

MARC

LEADER 00000ntm a22000003a 4500
001 stu198831
005 20160719160148.9
008 100122s2009----xo------------------slo-d
040 |a STU  |b slo 
041 0 |a slo 
044 |a xo 
100 1 |a Kováčová, Erika  |4 aut 
245 1 |a Tvorivé a etické hodnoty v hodnotovom systéme stredoškolákov = Creative and moral values in the value system for secondary students :  |b Diplomová práca 
260 |a Trnava :  |b STU v Bratislave MTF UIPH,  |c 2009 
300 |a 68 s  |c Prílohy + 1 CD-ROM 
500 |a Študijný odbor: 1.1.2 učiteľstvo profesijných predmetov a praktickej prípravy 
500 |a Študijný program: učiteľstvo technických profesijných predmetov 
650 7 |a hodnoty  |2 stusub 
650 7 |a postoje  |2 stusub 
650 7 |a hodnotový systém  |2 stusub 
700 1 |a Hlavatý, Rastislav,  |d 1972-  |4 xxx  |u M340  |U MTF Ústav inžinierskej pedagogiky a humatitných vied  |T MTF Katedra telesnej výchovy a športu  |X 1477  |U M340  |Y M340  |7 A000001477 
996 |b 284M077813  |c M*DP-8838  |l MMSKP  |s P  |a 0  |w stu198831_0001